Quiz Vampire Diaries : saison 3 - Statistiques

Statistiques générales
  • Ce quiz a été pris 168 fois
  • Le résultat moyen est 8 sur 10
Statistiques - réponses
Question Réponse % Correct
Qui est Michael ? Un chasseur de vampires
96%
Pourquoi Klaus n'arrive-t-il pas à obtenir des hybrides ? Car Elena n'est pas morte et les hybrides doivent boire de son sang
94%
Quelle créature devient Tyler dans la saison 3 ? Hybride
94%
Qui est Rebekah ? La petite soeur de Klaus
92%
À qui appartient le collier qu'offre Damon à Elena ? À Rebekah
86%
Qui joue Rebekah ? Claire Holt
86%
Quelle est l'orthographe correcte ? Rebekah
86%
Quel âge Elena a-t-elle fêté lors du 1er épisode de cette saison ? 18 ans
67%
Quels personnages reviennent sous l'apparence de 'fantômes' ? Lexi, Mason, Pearl, Anna, Vicki et Sheila
59%
Par qui se fait mordre Elena ? Par Stefan
32%
Aucun quiz correspondant
Distribution des résultats
% des personnes avec chaque résultat
Percentile par nombre de réponses
Votre historique - résultats
Vous n’avez pas pris ce quiz